|
|
|
|
| LEADER |
00000nab a2200000 a 4500 |
| 001 |
vtls001501733 |
| 003 |
SK-MaSNL |
| 005 |
20260303075759.0 |
| 008 |
140624s1997 xo 000 0 cze |
| 035 |
|
|
|a SPKCL4383
|
| 040 |
|
|
|a SPKCL
|b slo
|c SNKBUCL
|d ÚIP-SPK(ZZ)
|e AACR2
|
| 041 |
|
|
|a cze
|
| 044 |
|
|
|a xo
|c SK
|
| 080 |
|
|
|a 314.554:3-053.2
|2 1981
|
| 100 |
1 |
|
|a Baláž, Ondrej,
|d 1922-2016
|4 aut
|9 196096
|
| 245 |
1 |
0 |
|a Warshak, R.A.: Revoluce v porozvodové péči o děti. - Praha : Portál, 1996. - 273 s.
|c Ondrej Baláž
|
| 773 |
0 |
|
|t Pedagogická revue
|g Roč. 49, č. 3-4 (1997), s. 193-195
|
| 787 |
0 |
8 |
|i Rec.:
|a Warshak, R.A.
|t Revoluce v porozvodové péči o děti
|d Praha : Portál, 1996
|
| 850 |
|
|
|a Slovenská pedagogická knižnica Bratislava
|
| 852 |
|
|
|a SPKCL
|b KIS3GCP
|b 000710000
|n SK
|
| 999 |
|
|
|c 1777296
|d 1779226
|